Naturaleza muerta con brida: ensayos y apócrifos

محفوظ في:
التفاصيل البيبلوغرافية
المؤلف الرئيسي: Herbert, Zbigniew (مؤلف)
التنسيق: كتاب
اللغة:الإسبانية
منشور في: Barcelona Acantilado 2008
الطبعة:1a. ed
سلاسل:El Acantilado, 172
الموضوعات:
الوسوم: إضافة وسم
لا توجد وسوم, كن أول من يضع وسما على هذه التسجيلة!

MARC

LEADER 00000cam a2200000 a 4500
001 UCB0261
003 CL-VaPUC
005 20210819122754.0
008 191220e20080000sp spa d
999 |c 375912  |d 375910 
020 |a 9788496834453 
040 |c Pontificia Universidad Católica de Valparaíso 
082 0 4 |a 891.85 HER 2008  |2 21 
100 |a Herbert, Zbigniew  |e author  |9 202 
245 1 0 |a Naturaleza muerta con brida: ensayos y apócrifos 
250 |a 1a. ed 
260 |a Barcelona  |b Acantilado  |c 2008 
300 |a 221 p 
490 0 |a El Acantilado, 172 
583 |a last modification  |c 20191220 13:26:00  |k cmena 
650 0 7 |a ENSAYOS POLACOS  |2 CL-VaPUC  |9 450244 
650 0 7 |a LITERATURA POLACA  |2 CL-VaPUC  |9 353031 
942 |c BK  |2 ddc 
945 |a dcastane  |d 20191220 13:26:00 
952 |0 0  |1 0  |2 ddc  |4 0  |6 891_850000000000000_HER_2008  |7 0  |9 495018  |a BIBART  |b BIBART  |d 2019-12-13  |e 4  |g 27000.00  |i 556817K  |l 5  |o 891.85 HER 2008  |p 556817K  |r 2025-03-13  |s 2020-11-03  |t 1  |v 27000.00  |w 2019-12-13  |y BK